[Event "RSA-ch U16"]
[Site "Gauteng"]
[Date "2017.04.09"]
[Round "8"]
[White "Dykema, Dirkho"]
[Black "Morema, Thapelo"]
[Result "1/2-1/2"]
[WhiteElo "1459"]
[BlackElo "1402"]
[PlyCount "38"]
[EventDate "2017.04.05"]
[EventType "swiss"]
[EventRounds "11"]
[EventCountry "RSA"]
[SourceTitle "CBM 177 Extra"]
[Source "ChessBase"]
[SourceDate "2017.04.27"]
[SourceVersion "1"]
[SourceVersionDate "2017.04.27"]
[SourceQuality "1"]

1. d4 Nf6 2. c4 e6 3. Nf3 d5 4. cxd5 exd5 5. Bg5 h6 6. Bh4 Bf5 7. Nc3 c6 8. e3 Be7 9. Bd3 Ne4 10. Bxe7 Qxe7 11. Qc2 Nd7 12. 0-0 0-0 13. Rfe1 Rac8 14. a4 Ndf6 15. Ne5 Ng4 16. Nxe4 dxe4 17. Bxe4 Bxe4 18. Qxe4 Nxe5 19. dxe5 Qxe5 1/2-1/2

[Event "RSA-ch U16"]
[Site "Gauteng"]
[Date "2017.04.08"]
[Round "7"]
[White "Morema, Thapelo"]
[Black "Reddy, Ananta"]
[Result "0-1"]
[WhiteElo "1402"]
[BlackElo "1641"]
[PlyCount "47"]
[EventDate "2017.04.05"]
[EventType "swiss"]
[EventRounds "11"]
[EventCountry "RSA"]
[SourceTitle "CBM 177 Extra"]
[Source "ChessBase"]
[SourceDate "2017.04.27"]
[SourceVersion "1"]
[SourceVersionDate "2017.04.27"]
[SourceQuality "1"]

1. e4 c5 2. Nc3 Nc6 3. Nf3 g6 4. d3 Bg7 5. Be3 d6 6. Qd2 Qb6 7. Rb1 Nf6 8. Bh6 0-0 9. h4 Bg4 10. Ng1 d5 11. f3 Be6 12. h5 dxe4 13. hxg6 fxg6 14. Bxg7 Kxg7 15. Qh6+ Kg8 16. Nxe4 Qc7 17. Ng5 Qg3+ 18. Kd1 Qf2 19. Ne2 Qe3 20. f4 Rad8 21. Nxh7 Rxd3+ 22. cxd3 Qxd3+ 23. Ke1 Qxb1+ 24. Nc1 0-1

[Event "RSA-ch U16"]
[Site "Gauteng"]
[Date "2017.04.06"]
[Round "2"]
[White "Morema, Thapelo"]
[Black "Marais, Dawid Jacobus"]
[Result "1/2-1/2"]
[WhiteElo "1402"]
[BlackElo "1249"]
[PlyCount "61"]
[EventDate "2017.04.05"]
[EventType "swiss"]
[EventRounds "11"]
[EventCountry "RSA"]
[SourceTitle "CBM 177 Extra"]
[Source "ChessBase"]
[SourceDate "2017.04.27"]
[SourceVersion "1"]
[SourceVersionDate "2017.04.27"]
[SourceQuality "1"]

1. e4 d5 2. exd5 Qxd5 3. Nc3 Qd6 4. Nf3 Nf6 5. d4 c6 6. h3 Bf5 7. Bc4 e6 8. 0-0 Qc7 9. Re1 Bd6 10. Ne5 0-0 11. Bd3 Bxd3 12. Qxd3 Nbd7 13. f4 Rad8 14. Ne4 Nxe4 15. Qxe4 Nxe5 16. fxe5 Bb4 17. Re3 Ba5 18. Rg3 Rxd4 19. Qe2 Bb6 20. Kh1 Qxe5 21. Re3 Qd5 22. Rd3 Rxd3 23. cxd3 Rd8 24. Bd2 Qxd3 25. Qxd3 Rxd3 26. Bc3 Bd4 27. Rb1 Bxc3 28. bxc3 b6 29. Rc1 Kf8 30. Kg1 Rd2 31. a4 1/2-1/2